Admiralty and Maritime Laws Of Bangladesh (Record no. 4064)
[ view plain ]
| 000 -LEADER | |
|---|---|
| fixed length control field | 00599nam a2200217Ia 4500 |
| 003 - CONTROL NUMBER IDENTIFIER | |
| control field | BUBTL |
| 008 - FIXED-LENGTH DATA ELEMENTS--GENERAL INFORMATION | |
| fixed length control field | 151213s9999 xx 000 0 und d |
| 020 ## - INTERNATIONAL STANDARD BOOK NUMBER | |
| International Standard Book Number | 984702150058-1 |
| 082 ## - DEWEY DECIMAL CLASSIFICATION NUMBER | |
| Classification number | 343.0965492/H79a |
| 100 ## - MAIN ENTRY--PERSONAL NAME | |
| Personal name | Hasan, S.M.Mohiuddin |
| 9 (RLIN) | 3940 |
| 245 ## - TITLE STATEMENT | |
| Title | Admiralty and Maritime Laws Of Bangladesh |
| Statement of responsibility, etc. | S.M.Mohiuddin Hasan |
| 250 ## - EDITION STATEMENT | |
| Edition statement | 2nd |
| 260 ## - PUBLICATION, DISTRIBUTION, ETC. (IMPRINT) | |
| Place of publication, distribution, etc. | Dhaka |
| Name of publisher, distributor, etc. | Shams |
| Date of publication, distribution, etc. | c2009 |
| 300 ## - PHYSICAL DESCRIPTION | |
| Extent | (52) , 538p . : |
| Other physical details | 21 cm. |
| 650 ## - SUBJECT ADDED ENTRY--TOPICAL TERM | |
| Topical term or geographic name as entry element | Law |
| 9 (RLIN) | 3941 |
| 650 ## - SUBJECT ADDED ENTRY--TOPICAL TERM | |
| Topical term or geographic name as entry element | Law |
| 9 (RLIN) | 3941 |
| 700 ## - ADDED ENTRY--PERSONAL NAME | |
| Personal name | S.M.Mohiuddin Hasan |
| 9 (RLIN) | 3942 |
| 856 ## - ELECTRONIC LOCATION AND ACCESS | |
| Password | 0 |
| Logon | 0 |
| Link text | Download |
| 942 ## - ADDED ENTRY ELEMENTS (KOHA) | |
| Source of classification or shelving scheme | |
| Koha item type | Books |
| Withdrawn status | Lost status | Source of classification or shelving scheme | Damaged status | Not for loan | Collection code | Permanent location | Current location | Shelving location | Date acquired | Inventory number | Total Checkouts | Full call number | Barcode | Date last seen | Copy number | Price effective from | Koha item type |
|---|---|---|---|---|---|---|---|---|---|---|---|---|---|---|---|---|---|
| Non-fiction | Bangladesh University of Business and Technology Library | Bangladesh University of Business and Technology Library | Law Stacks | 02/22/2021 | 8031 | 343.0965492/H79a | BUBTL-20038031 | 02/22/2021 | C-1 | 02/22/2021 | Books | ||||||
| Non-fiction | Bangladesh University of Business and Technology Library | Bangladesh University of Business and Technology Library | Law Stacks | 02/22/2021 | 8032 | 343.0965492/H79a | BUBTL-20038032 | 02/22/2021 | C-2 | 02/22/2021 | Books | ||||||
| Non-fiction | Bangladesh University of Business and Technology Library | Bangladesh University of Business and Technology Library | Law Stacks | 02/22/2021 | 8033 | 343.0965492/H79a | BUBTL-20038033 | 02/22/2021 | C-3 | 02/22/2021 | Books | ||||||
| Not For Loan | Non-fiction | Bangladesh University of Business and Technology Library | Bangladesh University of Business and Technology Library | Law Stacks | 02/22/2021 | 8034 | 343.0965492/H79a | BUBTL-20038034 | 02/22/2021 | C-4 | 02/22/2021 | Books | |||||
| Not For Loan | Non-fiction | Bangladesh University of Business and Technology Library | Bangladesh University of Business and Technology Library | Law Stacks | 02/22/2021 | 8035 | 343.0965492/H79a | BUBTL-20038035 | 02/22/2021 | C-5 | 02/22/2021 | Books |
